Catálogo
 En Linea

Chicos Duros Hombres Canallas / (Registro nro. 42927)

Detalles MARC
000 -CABECERA
campo de control de longitud fija 00535nam a2200169 a 4500
001 - NÚMERO DE CONTROL
campo de control 000043438
005 - FECHA Y HORA DE LA ÚLTIMA TRANSACCIÓN
campo de control 20201002040919.0
008 - DATOS DE LONGITUD FIJA--INFORMACIÓN GENERAL
campo de control de longitud fija 140318s1995 sp c 001 0 spa d
020 ## - NÚMERO INTERNACIONAL ESTÁNDAR DEL LIBRO
Número Internacional Estándar del Libro 8479741104
040 ## - FUENTE DE LA CATALOGACIÓN
Centro catalogador/agencia de origen DO-SdBNP
Lengua de catalogación spa
Centro/agencia transcriptor BNPHU |
100 1# - ENTRADA PRINCIPAL--NOMBRE DE PERSONA
Nombre de persona Gasca, Luís
9 (RLIN) 71116
245 10 - MENCIÓN DE TÍTULO
Título Chicos Duros Hombres Canallas /
Mención de responsabilidad, etc. Luís Gasca.
260 ## - PUBLICACIÓN, DISTRIBUCIÓN, ETC.
Lugar de publicación, distribución, etc. Valencia :
Nombre del editor, distribuidor, etc. Máscara,
Fecha de publicación, distribución, etc. 1995.
300 ## - DESCRIPCIÓN FÍSICA
Extensión 159 p. :
Otras características físicas il., retrs. ;
Dimensiones 30 cm.
500 ## - NOTA GENERAL
Nota general Incluye datos biográficos del autor en la solapa de la contracubierta
500 ## - NOTA GENERAL
Nota general Incluye índice
Existencias
Estado de retiro Estado de pérdida Restricciones de uso No para préstamo Código de colección Localización permanente Ubicación/localización actual Ubicación en estantería Fecha de adquisición Número de inventario Total de préstamos Signatura topográfica completa Código de barras Fecha visto por última vez Precio válido a partir de Tipo de ítem Koha
      Excluido de préstamo Monografías: Libros y Folletos General General En catalogación 18.03.2014 LF1   43438-10 25.06.2020 25.06.2020 No se presta

Con tecnología Koha